000 00457nam a2200181Ia 4500
008 230725s2002 xx 000 0 und d
041 _aeng
082 _a315.321
_bCRA/SIM
100 _aCRAKER, SIMON
245 _aHERBS SPICES AND MEDICINAL PLANTS VOL.III
260 _bC.B.S. PUBLISHERS & DISTRUTORS
_c2002
300 _a220
365 _h23
500 _aTEXT BOOK
501 _aPGY
520 _aPB
650 _aPHARMACOGNOSY & PHYTHOCHEMISTRY
999 _c768177
_d768177